000 00766nam a2200229 a 4500
001 BRCA_3482
005 20190320204313.0
008 160213s2003----mx-a######---#000-0#spa-#
020 _a9687980028
041 _aspa
044 _amx
050 4 _aZ997.2.M4
_b.R43 4 2003
245 1 0 _aUn recorrido por archivos y bibliotecas privados IV.
260 _aMéxico
_bAsociación Mexicana de Archivos y Bibliotecas Privados, A.C. (AMABPAC)
_c2003
300 _a280 p.
_bil.
_c28 cm.
500 _aIncluye Directorio de la AMABPAC
650 1 4 _aArchivos
_zMéxico
_91302
650 1 4 _aBibliotecas privadas
_zMéxico
_91303
651 4 _aMéxico
_vFuentes
_xHistoria
_9873
710 2 _aAsociación Mexicana de Archivos y Bibliotecas Privados, A.C.
_91304
942 _2lcc
_cB
999 _c3218
_d3218